00429nam a2200169Ia 4500003000400000005001700004008004100021020001800062040000700080041000800087082002200095100002000117245005100137260004100188300001600229365001400245OSt20230329111722.0210423s2009 xx 000 0 und d a9780470014943 cAL aeng a541.35 223bWARB aWARDLE (Brian). aPrinciples and applications of photochemistry. aNew DelhibWiley India Pvt Ltdc2009 axiv,250bPB b2940cINR